La prueba del laberinto (Record no. 59153)

MARC details
000 -LEADER
campo de control de longitud fija 00550nam a2200169 i 4500
001 - NÚMERO DE CONTROL
campo de control 59153
003 - IDENTIFICADOR DE NÚMERO DE CONTROL
campo de control ES-MaACL
005 - FECHA Y HORA DE LA ÚLTIMA TRANSACCIÓN
campo de control 20230906163957.0
007 - CAMPO FIJO DE DESCRIPCIÓN FÍSICA--INFORMACIÓN GENERAL
campo de control de longitud fija t|
008 - DATOS DE LONGITUD FIJA--INFORMACIÓN GENERAL
campo de control de longitud fija 031027s1980 sp ||||1| spa d
100 1# - ENTRADA PRINCIPAL--NOMBRE DE PERSONA
Nombre de persona Eliade, Mircea.
9 (RLIN) 46955
245 13 - MENCIÓN DEL TÍTULO
Título La prueba del laberinto
Resto del título : conversaciones con Claude-Henri Rocquet /
Mención de responsabilidad, etc. Mircea Eliade ; [lo tradujo, J. Valiente Malla].
260 ## - PUBLICACIÓN, DISTRIBUCIÓN, ETC.
Lugar de publicación, distribución, etc. Madrid :
Nombre del editor, distribuidor, etc. Cristiandad,
Fecha de publicación, distribución, etc. [1980]
300 ## - DESCRIPCIÓN FÍSICA
Extensión 204 p., 4 lám. ;
Dimensiones 23 cm.
700 1# - ENTRADA AGREGADA--NOMBRE PERSONAL
Nombre de persona Valiente Malla, Jesús.
9 (RLIN) 112697
852 ## - LOCALIZACIÓN
Ubicación ES-MaACL
Número de control de estantería L-135
Sublocalización o colección R.100735
Holdings
Estatus retirado Estado de pérdida Estado de daño No para préstamo Biblioteca de origen Biblioteca actual Ubicación en estantería Fecha de adquisición Fuente de adquisición Total de préstamos Signatura topográfica completa Código de barras Visto por última vez Precio de reemplazo Tipo de ítem Koha
        Biblioteca del Ateneo de Madrid Biblioteca del Ateneo de Madrid Depósito 2 17/01/2008     L-135 1062052 23/02/2023 23/02/2023 Libro impreso